书目信息 |
| 题名: |
陈誉先生八秩华诞图书馆学情报学论文集
|
|
| 作者: | 黄秀文 主编 | |
| 分册: | ||
| 出版信息: | 北京 北京图书馆出版社 2000 |
|
| 页数: | 398页 | |
| 开本: | 20cm | |
| 丛书名: | ||
| 单 册: | ||
| 中图分类: | G350-53 , G250-53 | |
| 科图分类: | ||
| 主题词: | 图书馆学--文集 , 情报学--文集 | |
| 电子资源: | ||
| ISBN: | 7-5013-1738-0 | |
| 000 | 00830nam0 2200241 450 | |
| 001 | 0120 | |
| 005 | 20070729160431.64 | |
| 010 | @a7-5013-1738-0@dCNY30.00 | |
| 100 | @a20001214d2000 emky0chiy0110 ea | |
| 101 | 0 | @achi |
| 102 | @aCN@b110000 | |
| 105 | @aa z 010yd | |
| 200 | 1 | @a陈誉先生八秩华诞图书馆学情报学论文集@9chen yu xian sheng ba zhi hua dan tu shu guan xue qing bao xue lun wen ji@f黄秀文等主编 |
| 210 | @a北京@c北京图书馆出版社@d2000 | |
| 215 | @a398页@c照片@d20cm | |
| 330 | @a本书收《浅论主题检索系统中自然语言的回归与发展趋势》;《海峡两岸图书馆界交流之回顾与展望》等四十余篇图书馆学情报学文章。 | |
| 606 | 0 | @a图书馆学@j文集 |
| 606 | 0 | @a情报学@j文集 |
| 690 | @aG350-53@v4 | |
| 690 | @aG250-53@v4 | |
| 701 | 0 | @a黄秀文@9huang xiu wen@4主编 |
| 801 | 0 | @aCN@bTFHY@c20070729 |
| 905 | @a10447@dG250-53@e126 | |
| 陈誉先生八秩华诞图书馆学情报学论文集/黄秀文等主编.-北京:北京图书馆出版社,2000 |
| 398页:照片;20cm |
| ISBN 7-5013-1738-0:CNY30.00 |
| 本书收《浅论主题检索系统中自然语言的回归与发展趋势》;《海峡两岸图书馆界交流之回顾与展望》等四十余篇图书馆学情报学文章。 |
| ● |
| 相关链接 |
|
|
|
|
正题名:陈誉先生八秩华诞图书馆学情报学论文集
索取号:G250-53/126
 
预约/预借
| 序号 | 登录号 | 条形码 | 馆藏地/架位号 | 状态 | 备注 |
| 1 | 0784360 | 207843609 | 第一样本阅览室/ [索取号:G250-53/126] | 在馆 | |
| 2 | 0785001 | 207850011 | 第四借阅区/ [索取号:G250-53/126] | 在馆 |